| 000 | 00553nam a2200169 i 4500 | ||
|---|---|---|---|
| 001 | 142381 | ||
| 003 | ES-MaACL | ||
| 005 | 20230906200516.0 | ||
| 007 | t| | ||
| 008 | 071004s1971 sp ||||1| spa d | ||
| 100 | 1 |
_aWisdorf, Josef. _9117143 |
|
| 245 | 1 | 3 |
_aLa adolescente y sus problemas _b: para chicas de 10 a 14 años / _cJosef Wisdorf ; [traducción de Francisco Fuentenebro]. |
| 260 |
_aMadrid : _bEdiciones Paulinas, _c1971. |
||
| 300 |
_a163 p. ; _c18 cm. |
||
| 700 | 1 |
_aFuentenebro, Francisco. _952886 |
|
| 852 |
_aES-MaACL _jC-46493 _bR.82321 |
||
| 999 |
_c142381 _d142381 |
||